| 000 | 00603nam a2200253Ia 4500 | ||
|---|---|---|---|
| 008 | 210210b2008 xxu||||| |||| 00| 0 eng d | ||
| 020 | _a8131602001 | ||
| 041 | _aeng | ||
| 082 | _a361.2 LEWN | ||
| 100 | _aLEWIS (David) | ||
| 245 |
_aNGOs and social welfare _bNew research approaches |
||
| 260 |
_aJaipur _bRawat Publications _c2008 |
||
| 300 | _aviii--310 | ||
| 650 | _awelfare | ||
| 650 | _asocial | ||
| 650 | _aresearch | ||
| 650 | _aNGOs | ||
| 650 | _aNew | ||
| 650 | _aapproaches | ||
| 650 | _aand | ||
| 690 | _aSocial Welfare | ||
| 700 | _aRAVICHANDRAN (N) Ed | ||
| 906 | _a063327 | ||
| 999 |
_c135821 _d135821 |
||